000 00414nam a22001337a 4500
003 SGT
020 _a9788173095924
082 _a891.4309
_bB11K
100 _aकुमार, कृष्ण
245 _aभाषा साहित्य और राष्ट्रीयता
260 _bसस्ता साहित्य मंडल प्रकाशन
_c2011
300 _a151
942 _2ddc
_cBK
999 _c31390
_d31390